Group psychology and the analysis of the ego / (Record no. 29340)
[ view plain ]
| 000 -LEADER | |
|---|---|
| fixed length control field | 01383cam a2200385 i 4500 |
| 001 - CONTROL NUMBER | |
| control field | 29340 |
| 003 - CONTROL NUMBER IDENTIFIER | |
| rucl marc code | BD-RjUL |
| 005 - DATE AND TIME OF LATEST TRANSACTION | |
| control field | 20211209051412.0 |
| 008 - FIXED-LENGTH DATA ELEMENTS--GENERAL INFORMATION | |
| fixed length control field | 140403s1948 enk b 001 0 eng d |
| 035 ## - SYSTEM CONTROL NUMBER | |
| System control number | (BD-RjUL) 29425 |
| 040 ## - CATALOGING SOURCE | |
| Original cataloging agency | DLC |
| Transcribing agency | DLC |
| Modifying agency | DLC |
| -- | BD-RjUL |
| Language of cataloging | eng |
| 041 1# - LANGUAGE CODE | |
| Language code of text/sound track or separate title | engger |
| 060 ## - NATIONAL LIBRARY OF MEDICINE CALL NUMBER | |
| Classification number | WM460 F889m |
| 082 00 - DEWEY DECIMAL CLASSIFICATION NUMBER | |
| Classification number | 150.1952 |
| Author mark and year | FRG 1948 |
| 100 1# - MAIN ENTRY--PERSONAL NAME | |
| Personal name | Freud, Sigmund, |
| Dates associated with a name | 1856-1939. |
| 9 (RLIN) | 89495 |
| 245 10 - TITLE STATEMENT | |
| Title | Group psychology and the analysis of the ego / |
| Statement of responsibility, etc. | Sigmund Freud ; translated and edited by James Strachey. |
| 260 ## - PUBLICATION, DISTRIBUTION, ETC. (IMPRINT) | |
| Place of publication, distribution, etc. | London : |
| Name of publisher, distributor, etc. | The Hogarth Press, |
| Date of publication, distribution, etc. | 1948. |
| 300 ## - PHYSICAL DESCRIPTION | |
| Pagination | viii,134 p. ; |
| Size | 20 cm. |
| 490 #0 - SERIES STATEMENT | |
| Series statement | The International Psycho-Analytical Library |
| Volume/sequential designation | No-6 |
| 500 ## - GENERAL NOTE | |
| General note | Reprint of the ed. published by Liveright, New York, which was issued as no. 6 of the International psycho-analytical library. |
| General note | Translation of Massenpsychologie und Ich-Analyse. |
| General note | Includes indexes. |
| 504 ## - BIBLIOGRAPHY, ETC. NOTE | |
| Bibliography, etc | Bibliography: p. 77-80. |
| 650 #0 - SUBJECT ADDED ENTRY--TOPICAL TERM | |
| Topical term or geographic name as entry element | Psychoanalysis. |
| 9 (RLIN) | 89496 |
| Topical term or geographic name as entry element | Social psychology. |
| 9 (RLIN) | 89497 |
| Topical term or geographic name as entry element | Psychoanalysis. |
| 9 (RLIN) | 89498 |
| Topical term or geographic name as entry element | Psychology, Social. |
| 9 (RLIN) | 89499 |
| 700 ## - ADDED ENTRY--PERSONAL NAME | |
| Personal name | Strachey James |
| 830 #0 - SERIES ADDED ENTRY--UNIFORM TITLE | |
| Volume number/sequential designation | no. 6. |
| 830 #0 - SERIES ADDED ENTRY--UNIFORM TITLE | |
| Uniform title | International psycho-analytical library ; |
| 942 ## - ADDED ENTRY ELEMENTS (KOHA) | |
| Source of classification or shelving scheme | Dewey Decimal Classification |
| Koha item type | Books |
| Lost status | Source of classification or shelving scheme | Damaged status | Not for loan | Collection code | Permanent Location | Current Location | Shelving location | Date acquired | Source of acquisition | Cost, normal purchase price | Total Checkouts | Full call number | Date last seen | Copy number | Koha item type |
|---|---|---|---|---|---|---|---|---|---|---|---|---|---|---|---|
| Dewey Decimal Classification | Non-fiction | Central Library, University of Rajshahi | Central Library, University of Rajshahi | 08/01/1957 | B. H. Bluckwell | 1.50 | 150.1952 FRG 1948 | 03/04/2014 | C-3 | Books |